Vista normal
Vista MARC
Entrada Término temático
Número de registros utilizados en: 4
001 - NÚMERO DE CONTROL
- campo de control: 79139
003 - IDENTIFICADOR DEL NÚMERO DE CONTROL
- campo de control: DO-SdBNP
005 - FECHA Y HORA DE LA ÚLTIMA TRANSACCIÓN
- campo de control: 20210708075826.0
008 - DATOS DE LONGITUD FIJA
- campo de control de longitud fija: 210708|| aca||aabn | a|a d
040 ## - FUENTE DE LA CATALOGACIÓN
- Centro catalogador/agencia de origen: DO-SdBNP
- Centro/agencia transcriptor: DO-SdBNP
150 ## - ENCABEZAMIENTO--TÉRMINO DE MATERIA
- Término de materia o nombre geográfico como elemento de entrada: Política de gastos públicos
- Subdivisión geográfica: República Dominicana
670 ## - FUENTE DE DATOS ENCONTRADOS
- Cita de la fuente: Work cat.: (DO-SdBNP)38810: República Dominicana Ministerio de Economía, Planificación y Desarrollo 33484, Plan nacional plurianual del sector público 2013-2016 /, 2012.
